000 00807nam a2200265Ia 4500
003 OSt
005 20220918171009.0
006 a|||||r|||| 00| 0
007 ta
008 220917b |||||||| |||| 00| 0 eng d
020 _a9781118980101 (pbk)
_cUSD 49.95
024 _a317,601
037 _b1365, 10/03/2017, Bright Book Service
_cTextual
040 _aARTS
_cARTS
_beng
041 _2eng
_aeng
082 _aS6(P:1):86, P9;Q6
100 _aReid Gavin Au.
_932980
245 0 _aDyslexia
_b a practitioners handbook
250 _a5th
260 _aWest Sussax
_b John wiley & sons UK
_c2016
300 _axxiii,478p.
_ccm.
650 _aDYSLEXIA
_932981
942 _hS6(P:1):86, P9;Q6
_cTEXL
_2CC
999 _c137171
_d137171